All Papa's gameria customers - Statistics

General Stats
  • This quiz has been taken 78 times
  • The average score is 62 of 142
Answer Stats
Picture Answer % Correct
Alberto
85%
Akari
78%
Allan
76%
Big Pauly
76%
Wally
69%
Papa Louie
67%
Santa
67%
Jojo
65%
Boomer
64%
Quinn
64%
Penny
62%
Captain Cori
60%
Hank
60%
Chuck
58%
Clover
58%
Kahuna
58%
Mandi
58%
Matt
58%
Prudence
58%
Taylor
58%
Xolo
58%
Cletus
56%
Edna
56%
Gremmie
56%
James
56%
Mitch
56%
Utah
56%
Xandra
56%
Zoe
56%
Bertha
55%
Carlo Romano
55%
Foodini
55%
Ivy
55%
Johnny
55%
Lisa
55%
Rico
55%
Robby
55%
Timm
55%
Tony
55%
Bruna Romano
53%
Cooper
53%
Doan
53%
Kingsley
53%
Ninjoy
53%
Olga
53%
Radlynn
53%
Roy
53%
Scooter
53%
Hugo
51%
Maggie
51%
Peggy
51%
Sasha
51%
Tohru
51%
Marty
49%
Mary
49%
Whippa
49%
Willow
49%
Amy
47%
Cecilia
47%
Janana
47%
Joy
47%
Nevada
47%
Rita
47%
Scarlett
47%
Vicky
47%
Connor
45%
Greg
45%
Mayor Mallow
45%
Mindy
45%
Rhonda
45%
Rudy
45%
Sarge Fan
45%
Sue
45%
Wendy
45%
Franco
44%
Professor Fitz
44%
Shannon
44%
Trishna
44%
Austin
42%
Deano
42%
Georgito
42%
Gino Romano
42%
Kayla
42%
Kenji
42%
LePete
42%
Whiff
42%
Brody
40%
Clair
40%
Ember
40%
Emmlette
40%
Hacky Zak
40%
Hope
40%
Nick
40%
Olivia
40%
Pinch Hitwell
40%
Yippy
40%
Cherissa
38%
Crystal
38%
Edoardo Romano
38%
Elle
38%
Iggy
38%
Koilee
38%
Mousse
38%
Yui
38%
Vincent
35%
Duke Gotcha
33%
Perri
33%
Skip
33%
Skyler
33%
Cameo
31%
Chester
31%
Indigo
31%
Moe
31%
Sienna
31%
Julep
29%
Steven
29%
Wylan B
29%
Amiria
27%
Liezel
27%
Rollie
27%
Fernanda
25%
Ripley
25%
Chase
22%
Kaleb
22%
Yuko
22%
Budwin
20%
C.J. Friskins
20%
Isadora
20%
Kasey O
20%
Mesa
20%
Pally
20%
Treble
20%
Daniela
18%
Evelyn
18%
Kenton
18%
Nye
18%
Petrona
18%
Didar
16%
Drakson
16%
Okalani
16%
Simone
16%
Boobsy & Bill
9%
No matching quizzes found
Score Distribution
Percent of People with Each Score
Percentile by Number Answered
Your Score History
You have not taken this quiz